| 000 | 01265nam a2200349 i 4500 | ||
|---|---|---|---|
| 003 | EG-GICUC | ||
| 005 | 20260121101644.0 | ||
| 008 | 260104s1976 iq d|||fr|||| 000 0 ara d | ||
| 040 |
_a EG-GICUC _bara _c EG-GICUC _d EG-GICUC _erda |
||
| 041 | 0 | _aara | |
| 082 | 0 | 4 |
_221 _a343.6 _bع ب . ن |
| 092 | 0 | 4 | _221 |
| 099 | _aLaw1 10 343.6 ع ب . ن 1976 | ||
| 100 | 0 |
_aعبدالجبار كريم _eمؤلف. |
|
| 245 | 1 | 0 |
_aنظريات علم الإجرام / _cتأليف عبدالجبار كريم. |
| 250 | _aالطبعة السابعة. | ||
| 264 | 3 |
_aبغداد : _bمطبعة المعارف, _c1976. |
|
| 300 |
_a279 صفحة : _bجداول ؛ _c24 سم. |
||
| 336 |
_2rda content _atext |
||
| 337 |
_2rda media _aComputer |
||
| 338 |
_2rda carrier _aOnline Resource |
||
| 500 | _aساعدت جامعة بغداد في طبعه. | ||
| 500 | _aرقم تسلسل التعضيد 62. | ||
| 504 | _aيشتمل على إرجاعات ببليوجرافية. | ||
| 504 | _aببليوجرافيا : صفحات 276-279. | ||
| 546 | _aالنص باللغة العربية | ||
| 650 | 1 |
_aعلم الإجرام _2qrmak |
|
| 651 | 1 | _2qrmak | |
| 856 | 4 | 0 | _uhttps://fll.law.cu.edu.eg/fulltext/bks/B10-07087.pdf |
| 905 | _a62 | ||
| 942 |
_2ddc _n0 _cBK _e21 |
||
| 999 |
_c54373 _d54373 |
||